000 01211nam a22002411a 4500
003 OSt
005 20150408114033.0
008 120511t2011 mr ||||g b 001 0 ara d
040 _aعمادة شؤون المكتبات في جامعة المجمعة
082 0 4 _221
_a811.4
_b811.4 ش ا ع
100 1 _aابن عبد ربه، محمد بن علي بن محمد
_913729
245 1 0 _aشرح المختار من شعر أبي الطيب المتنبي.
_cلابن عبد ربه الحفيد ؛ قام بإخراجه والتقديم له محمد بنشريفة.
_nالجزء الثاني /
250 _aط. 1.
260 _a[الدار البيضاء، المغرب :
_bد. ن.،
_c2011
_m1432.
300 _a431 ص. ؛
_c24 سم.
500 _aكشافات : ص. 405-426.
504 _aببليوجرافية : ص. 427-429.
504 _aيشتمل على إرجاعات ببليوجرافية.
600 1 7 _2aucnm
_aأبو الطيب المتنبي، أحمد بن الحسين بن الحسن،
_d303-354 هـ.
650 7 _2aucsh
_aالشعر العربي
_xتاريخ ونقد
_yالعصر العباسي، 750-1258
_9723
700 1 _aبنشريفة، محمد
_eمخرج.
_913730
942 _2ddc
_cBOOK
999 _c23135
_d257635